La Relación religión-política en las condiciones latinoamericanas /
Zapisane w:
| 1. autor: | |
|---|---|
| Kolejni autorzy: | |
| Format: | Texto |
| Hasła przedmiotowe: | |
| Etykiety: |
Dodaj etykietę
Nie ma etykietki, Dołącz pierwszą etykiete!
|
MARC
| LEADER | 00000 a a2200000 04500 | ||
|---|---|---|---|
| 001 | 4409 | ||
| 003 | |||
| 040 | |||
| 100 | |a Platero Irola, Silvio | ||
| 245 | |a La Relación religión-política en las condiciones latinoamericanas / |c Silvio Platero Irola ; Jorge Ramírez Calzadilla | ||
| 650 | |a RELIGION | ||
| 650 | |a POLITICA | ||
| 650 | |a INTERVENCION DEL ESTADO | ||
| 650 | |a GRUPOS RELIGIOSOS | ||
| 650 | |a CULTO | ||
| 650 | |a VALORES SOCIALES | ||
| 650 | |a ETICA | ||
| 650 | |a NORMAS SOCIALES | ||
| 650 | |a CONTROL SOCIAL | ||
| 650 | |a PROBLEMAS SOCIALES | ||
| 650 | |a CONFLICTOS SOCIALES | ||
| 650 | |a ASPECTOS POLITICOS | ||
| 650 | |a COMPORTAMIENTO POLITICO | ||
| 650 | |a TEORIA POLITICA | ||
| 650 | |a DOCTRINAS POLITICAS | ||
| 650 | |a SO | ||
| 700 | |a Ramírez Calzadilla, Jorge | ||
| 773 | |g volumen 13 -14, número 26 -; páginas 167-192 | ||
| 999 | |c 31072 |d 31072 | ||
